¿Bandera correcta o incorrecta? #4 - Muerte súbita - Estadísticas

Estadísticas generales
  • Esta prueba ha sido intentada 166 veces
  • La puntuación promedio es 4 de 20
Answers on the Grid
Answers color-coded by a green-red scale on the quiz's grid according to % correct below.
 
Estadísticas de respuestas
Respuesta % Correcto
32%
28%
24%
24%
24%
20%
20%
20%
20%
20%
16%
16%
16%
16%
16%
16%
16%
12%
12%
8%
No se encontraron pruebas coincidentes
Distribución de puntuación
Porcentaje de gente con cada puntuación
Porcentaje por número respondido
Historial de tus puntuaciones
No has intentado esta prueba.